[Event "4. Moscu Open 2008"]
[Site "Moscu RUS"]
[Date "2008.02.05"]
[Round "4.64"]
[White "Safarli, Eltaj"]
[Black "Kalashnikov, Konstantin"]
[Result "1-0"]
[WhiteElo "2496"]
[BlackElo "2381"]
[PlyCount "150"]
[EventDate "2008.02.02"]
[EventType "swiss"]
[EventRounds "9"]
[EventCountry "RUS"]
[Source "lmi"]
[SourceDate "2008.02.02"]

1. e4 c5 2. Nc3 g6 3. g3 Bg7 4. Bg2 Nc6 5. d3 d6 6. Be3 Nf6 7. h3 O-O 8. Qd2
Rb8 9. Nge2 Bd7 10. Bh6 Bxh6 11. Qxh6 Nd4 12. Qd2 e5 13. Nxd4 cxd4 14. Ne2 Bc6
15. f4 Qe7 16. O-O d5 17. fxe5 Qxe5 18. Qf4 Qxf4 19. Rxf4 Nh5 20. exd5 Nxf4 21.
gxf4 Bd7 22. Nxd4 Rfe8 23. Kf2 b5 24. c3 Kf8 25. b3 Ke7 26. c4 Kd6 27. Rc1 bxc4
28. dxc4 Kc5 29. Nf3 f6 30. Nd2 Bf5 31. a3 a5 32. b4+ axb4 33. Nb3+ Kd6 34. c5+
Kd7 35. c6+ Kc7 36. a4 Ra8 37. a5 Be4 38. Rd1 Bxg2 39. Kxg2 Re3 40. Nd4 Rxa5
41. d6+ Kb6 42. Kf2 Rc3 43. Ne2 Rxc6 44. d7 Ra8 45. d8=Q+ Rxd8 46. Rxd8 Rc7 47.
Ke3 Kb5 48. Kd3 Ka4 49. Rb8 Ka3 50. h4 h6 51. Nd4 Rc3+ 52. Ke4 Rc5 53. Rb6 f5+
54. Kd3 Rc3+ 55. Kd2 Rh3 56. Rxg6 Rxh4 57. Rg3+ Ka2 58. Rf3 Rh2+ 59. Kc1 Rh1+
60. Kc2 Rh2+ 61. Kd1 Rh1+ 62. Kd2 Rh2+ 63. Kd3 b3 64. Nxb3 Kxb3 65. Kd4+ Kc2
66. Ke5 Rh5 67. Kf6 Kd2 68. Kg6 Ke2 69. Ra3 Rh1 70. Kxf5 h5 71. Kg5 h4 72. Kg4
Rf1 73. Rh3 Rf2 74. Kf5 Rf1 75. Ke4 Kf2 1-0

[Event "4. Moscu Open 2008"]
[Site "Moscu RUS"]
[Date "2008.02.05"]
[Round "4.66"]
[White "Safin, Shukhrat"]
[Black "Pileckis, Emilis"]
[Result "0-1"]
[WhiteElo "2493"]
[BlackElo "2364"]
[PlyCount "128"]
[EventDate "2008.02.02"]
[EventType "swiss"]
[EventRounds "9"]
[EventCountry "RUS"]
[Source "lmi"]
[SourceDate "2008.02.02"]

1. d4 Nf6 2. c4 e6 3. Nf3 b6 4. g3 Ba6 5. b3 Bb7 6. Bg2 Bb4+ 7. Bd2 a5 8. O-O
O-O 9. Nc3 d6 10. d5 e5 11. Ne1 Nbd7 12. Nd3 Bxc3 13. Bxc3 Qe7 14. e4 a4 15. b4
c6 16. b5 cxd5 17. cxd5 Rfc8 18. Bb4 Nc5 19. Nxc5 bxc5 20. Bc3 Rcb8 21. Rb1 Bc8
22. Re1 Nd7 23. f4 f6 24. Bf1 Nb6 25. a3 Bd7 26. Rb2 Rb7 27. Qf3 Rab8 28. Reb1
Qe8 29. Bd3 Nc8 30. Qe2 Nb6 31. f5 Kf8 32. g4 h6 33. Bd2 Ke7 34. h4 c4 35. Bc2
c3 36. Bxc3 Qc8 37. Bb4 Nc4 38. Ra2 Bxb5 39. Bd3 Na5 40. Rc2 Bxd3 41. Qxd3 Qd8
42. Qa6 Ra8 43. Qd3 Qb6+ 44. Kg2 Rc7 45. Rc6 Rxc6 46. dxc6 Qxc6 47. Rc1 Qd7 48.
Qd5 Nb7 49. Rc6 Rc8 50. Rb6 Nc5 51. g5 hxg5 52. hxg5 fxg5 53. Bd2 Qc7 54. Rb1
Qc6 55. Bxg5+ Kf8 56. Qxc6 Rxc6 57. Rb8+ Kf7 58. Kf3 Rc7 59. Bd2 Rb7 60. Rxb7+
Nxb7 61. Bb4 Nc5 62. Ba5 Nb3 63. Bb6 Nd4+ 64. Kg4 Nb5 0-1

[Event "4. Moscu Open 2008"]
[Site "Moscu RUS"]
[Date "2008.02.05"]
[Round "4.67"]
[White "Demchenko, Anton"]
[Black "Pisakov, Ilia"]
[Result "1/2-1/2"]
[WhiteElo "2491"]
[BlackElo "2344"]
[PlyCount "125"]
[EventDate "2008.02.02"]
[EventType "swiss"]
[EventRounds "9"]
[EventCountry "RUS"]
[Source "lmi"]
[SourceDate "2008.02.02"]

1. e4 e5 2. Nf3 Nc6 3. d4 exd4 4. Nxd4 Nf6 5. Nxc6 bxc6 6. e5 Qe7 7. Qe2 Nd5 8.
c4 Nb6 9. Nc3 Qe6 10. Qe4 g6 11. f4 Bg7 12. c5 Nd5 13. Bc4 Bb7 14. O-O O-O 15.
Rd1 d6 16. exd6 Qxe4 17. Nxe4 Rfe8 18. Nc3 cxd6 19. cxd6 Nb6 20. Bb3 c5 21. d7
Nxd7 22. Bxf7+ Kxf7 23. Rxd7+ Re7 24. Rxe7+ Kxe7 25. Be3 Rc8 26. Nd1 Bd5 27.
Rc1 Kd6 28. b4 Bxa2 29. Rxc5 Rxc5 30. Bxc5+ Kc6 31. Bxa7 Bb3 32. Nf2 Bf8 33.
Nd3 Bc2 34. Ne1 Be4 35. Bc5 Bxc5+ 36. bxc5 Kxc5 37. Kf2 h6 38. Ke3 Bb1 39. Nf3
Kd5 40. Ne5 h5 41. h4 Bf5 42. Nf3 Be4 43. g3 Bf5 44. Nd4 Bb1 45. f5 Ke5 46.
fxg6 Bxg6 47. Nc6+ Kd6 48. Na5 Ke5 49. Nc4+ Kd5 50. Nd2 Ke5 51. Kf3 Bf7 52. Nb1
Bd5+ 53. Ke3 Kf5 54. Na3 Ke5 55. Nc2 Bf7 56. Nb4 Bg6 57. Na6 Be8 58. Nc5 Bc6
59. Nd3+ Kf5 60. Nf4 Be8 61. Ne2 Ke5 62. Nd4 Bg6 63. Nc6+ 1/2-1/2

[Event "4. Moscu Open 2008"]
[Site "Moscu RUS"]
[Date "2008.02.05"]
[Round "4.68"]
[White "Ponkratov, Pavel"]
[Black "Stukopin, Andrey"]
[Result "1-0"]
[WhiteElo "2489"]
[BlackElo "2342"]
[PlyCount "101"]
[EventDate "2008.02.02"]
[EventType "swiss"]
[EventRounds "9"]
[EventCountry "RUS"]
[Source "lmi"]
[SourceDate "2008.02.02"]

1. e4 c5 2. Nf3 e6 3. d4 cxd4 4. Nxd4 a6 5. Nc3 Qc7 6. Be2 b5 7. a3 Bb7 8. f4
Nc6 9. Be3 Nxd4 10. Qxd4 Ne7 11. O-O Nc6 12. Qd2 Be7 13. Rad1 d6 14. f5 Ne5 15.
fxe6 fxe6 16. Kh1 Rf8 17. Rxf8+ Kxf8 18. Bf4 Rd8 19. Qe3 Kg8 20. Qg3 Bf6 21.
Bg5 Qe7 22. Bxf6 Qxf6 23. Qe3 Rd7 24. Qb6 Qd8 25. Qd4 Nc6 26. Qe3 Ne5 27. Qh3
Qe7 28. Bg4 Nxg4 29. Qxg4 Qf6 30. Qg3 Rf7 31. h3 Qe5 32. Qxe5 dxe5 33. Rd8+ Rf8
34. Rd6 Re8 35. Rd7 Rb8 36. Rc7 a5 37. b4 axb4 38. axb4 Ba8 39. Kg1 Rf8 40. Rc5
Kf7 41. Nxb5 Rd8 42. Rc7+ Kf6 43. Nc3 Rd2 44. b5 Kg6 45. b6 Rxc2 46. Nb5 Re2
47. b7 Bxb7 48. Rxb7 Rxe4 49. Nd6 Rf4 50. Ne8 Rf8 51. Rxg7+ 1-0

[Event "4. Moscu Open 2008"]
[Site "Moscu RUS"]
[Date "2008.02.05"]
[Round "4.69"]
[White "Tarasov, Oleg"]
[Black "Krapivin, Alexander"]
[Result "0-1"]
[WhiteElo "2341"]
[BlackElo "2483"]
[PlyCount "64"]
[EventDate "2008.02.02"]
[EventType "swiss"]
[EventRounds "9"]
[EventCountry "RUS"]
[Source "lmi"]
[SourceDate "2008.02.02"]

1. e4 c5 2. c3 e6 3. d4 cxd4 4. cxd4 Nf6 5. e5 Nd5 6. Nc3 Nxc3 7. bxc3 d6 8. f4
dxe5 9. fxe5 Qh4+ 10. Ke2 Bd7 11. Nf3 Qd8 12. Kf2 Bc6 13. Bd3 Be7 14. Rf1 Nd7
15. Kg1 h6 16. Be3 Qa5 17. Qb3 O-O-O 18. c4 f6 19. exf6 gxf6 20. Bd2 Qh5 21.
Rae1 Rhg8 22. Be2 Rg7 23. Bf4 Qg4 24. Bg3 Bd6 25. Rf2 Bxg3 26. hxg3 Qxg3 27.
Qe3 Nf8 28. Qxh6 Rh7 29. Qxf6 Ng6 30. d5 Nf4 31. Kf1 Rh1+ 32. Ng1 Qh2 0-1

[Event "4. Moscu Open 2008"]
[Site "Moscu RUS"]
[Date "2008.02.05"]
[Round "4.70"]
[White "Ulko, Jaroslav"]
[Black "Umansky, Vladimir"]
[Result "1-0"]
[WhiteElo "2482"]
[BlackElo "2333"]
[PlyCount "95"]
[EventDate "2008.02.02"]
[EventType "swiss"]
[EventRounds "9"]
[EventCountry "RUS"]
[Source "lmi"]
[SourceDate "2008.02.02"]

1. d4 Nf6 2. c4 g6 3. Nc3 Bg7 4. e4 d6 5. Nf3 O-O 6. Be2 e5 7. Be3 h6 8. O-O
Ng4 9. Bc1 Nc6 10. d5 Ne7 11. Ne1 f5 12. Bxg4 fxg4 13. Be3 g5 14. c5 Ng6 15.
Rc1 Rf7 16. Nb5 Bf8 17. a4 Nf4 18. Nd3 a6 19. Na3 Qf6 20. cxd6 Bxd6 21. Nc4 Bd7
22. Nc5 Bc8 23. a5 h5 24. b4 h4 25. Rc3 Qg6 26. Qc2 Qf6 27. Nxd6 cxd6 28. Bxf4
Qxf4 29. Nd3 Qxe4 30. Rxc8+ Rxc8 31. Qxc8+ Kg7 32. Qc3 h3 33. Ne1 Qxd5 34. Qe3
Rf4 35. g3 Re4 36. Qxg5+ Kf7 37. f3 Qd4+ 38. Kh1 Rxe1 39. Rxe1 Qf2 40. Qf5+ Kg7
41. Rg1 gxf3 42. Qxh3 Qe2 43. Rc1 f2 44. Rc7+ Kf6 45. Qh6+ Kf5 46. Qh7+ Kg4 47.
Qg6+ Kf3 48. Rc3+ 1-0

[Event "4. Moscu Open 2008"]
[Site "Moscu RUS"]
[Date "2008.02.05"]
[Round "4.71"]
[White "Gabrielian, Artur"]
[Black "Rjabzev, Konstantin"]
[Result "1/2-1/2"]
[WhiteElo "2479"]
[BlackElo "2332"]
[PlyCount "37"]
[EventDate "2008.02.02"]
[EventType "swiss"]
[EventRounds "9"]
[EventCountry "RUS"]
[Source "lmi"]
[SourceDate "2008.02.02"]

1. e4 e5 2. f4 Qh4+ 3. g3 Qe7 4. fxe5 d6 5. Nc3 dxe5 6. Nd5 Qd6 7. Nf3 Nf6 8.
Bc4 Nxd5 9. Bxd5 c6 10. Bb3 Be6 11. Bxe6 Qxe6 12. d4 exd4 13. Nxd4 Qc4 14. Qd3
Qxd3 15. cxd3 Na6 16. Ke2 O-O-O 17. Nf3 Bc5 18. a3 f5 19. b4 1/2-1/2

[Event "4. Moscu Open 2008"]
[Site "Moscu RUS"]
[Date "2008.02.05"]
[Round "4.72"]
[White "Ipatov, Alexander"]
[Black "Isajevsky, Anton"]
[Result "1/2-1/2"]
[WhiteElo "2323"]
[BlackElo "2469"]
[PlyCount "50"]
[EventDate "2008.02.02"]
[EventType "swiss"]
[EventRounds "9"]
[EventCountry "RUS"]
[Source "lmi"]
[SourceDate "2008.02.02"]

1. d4 d5 2. c4 e6 3. Nc3 Be7 4. cxd5 exd5 5. Bf4 c6 6. e3 Bd6 7. Bg3 Ne7 8. Nf3
Bf5 9. Qb3 Bxg3 10. hxg3 Qb6 11. Be2 Nd7 12. Nd2 Bg6 13. g4 f6 14. g3 h6 15.
Kf1 Qxb3 16. axb3 a6 17. b4 Rb8 18. Nb3 Nc8 19. Nc5 Nd6 20. Kg2 Ke7 21. Rhe1
Rbe8 22. b3 Kd8 23. Rec1 Ke7 24. Re1 Rd8 25. f3 Rhe8 1/2-1/2

[Event "4. Moscu Open 2008"]
[Site "Moscu RUS"]
[Date "2008.02.05"]
[Round "4.73"]
[White "Gutov, Andrey"]
[Black "Lyaskovsky, Viktor"]
[Result "1-0"]
[WhiteElo "2467"]
[BlackElo "2326"]
[PlyCount "67"]
[EventDate "2008.02.02"]
[EventType "swiss"]
[EventRounds "9"]
[EventCountry "RUS"]
[Source "lmi"]
[SourceDate "2008.02.02"]

1. d4 Nf6 2. c4 g6 3. Nc3 Bg7 4. e4 d6 5. Be2 O-O 6. Nf3 e5 7. O-O Nc6 8. d5
Ne7 9. Ne1 Nd7 10. Nd3 f5 11. Bd2 Nf6 12. f3 f4 13. c5 g5 14. cxd6 cxd6 15. Nf2
Ng6 16. Qc2 a6 17. a4 h5 18. h3 g4 19. hxg4 hxg4 20. fxg4 Nh7 21. a5 Ng5 22.
Na4 f3 23. Bxg5 Qxg5 24. Bxf3 Rxf3 25. gxf3 Nf4 26. Nd3 Nh3+ 27. Kh1 Bxg4 28.
fxg4 Qxg4 29. Rae1 Rc8 30. Nc3 Kh7 31. Re3 Rh8 32. Qg2 Kg8 33. Qxg4 Nf2+ 34.
Kg1 1-0

[Event "4. Moscu Open 2008"]
[Site "Moscu RUS"]
[Date "2008.02.05"]
[Round "4.74"]
[White "Kozlov, Gennady"]
[Black "Demin, Vladimir"]
[Result "1/2-1/2"]
[WhiteElo "2224"]
[BlackElo "2459"]
[PlyCount "39"]
[EventDate "2008.02.02"]
[EventType "swiss"]
[EventRounds "9"]
[EventCountry "RUS"]
[Source "lmi"]
[SourceDate "2008.02.02"]

1. d4 d5 2. c4 c6 3. Nf3 Nf6 4. Nc3 a6 5. c5 Nbd7 6. Bf4 Nh5 7. e3 b6 8. cxb6
Nxf4 9. exf4 e6 10. Qd2 Qxb6 11. Bd3 c5 12. Na4 Qa7 13. dxc5 Nxc5 14. Nxc5 Bxc5
15. O-O O-O 16. f5 exf5 17. Nh4 g6 18. Nxf5 Bxf5 19. Bxf5 gxf5 20. Qg5+ 1/2-1/2

[Event "4. Moscu Open 2008"]
[Site "Moscu RUS"]
[Date "2008.02.05"]
[Round "4.75"]
[White "Konovalov, Nikolay"]
[Black "Potapov, Alexey"]
[Result "0-1"]
[WhiteElo "2453"]
[BlackElo "2320"]
[PlyCount "84"]
[EventDate "2008.02.02"]
[EventType "swiss"]
[EventRounds "9"]
[EventCountry "RUS"]
[Source "lmi"]
[SourceDate "2008.02.02"]

1. d4 e6 2. c4 d5 3. Nc3 f5 4. Bf4 c6 5. e3 Nf6 6. Bd3 Be7 7. h3 Ne4 8. g4 Bh4
9. Rh2 O-O 10. Nf3 Nd7 11. Nxh4 Qxh4 12. Nxe4 fxe4 13. Be2 Qe7 14. Kf1 b6 15.
Kg2 Bb7 16. cxd5 exd5 17. Rh1 c5 18. Rf1 Rac8 19. Rc1 c4 20. Qd2 b5 21. f3 Nb6
22. Be5 exf3+ 23. Rxf3 Rxf3 24. Bxf3 b4 25. Bd1 c3 26. bxc3 Nc4 27. Qd3 Nxe5
28. dxe5 d4+ 29. Bf3 Bxf3+ 30. Kxf3 dxc3 31. Qe4 a5 32. Qd5+ Qf7+ 33. Qxf7+
Kxf7 34. Ke4 Ke6 35. Kd4 c2 36. Kd3 Kxe5 37. Rxc2 Rxc2 38. Kxc2 a4 39. Kd3 b3
40. axb3 axb3 41. Kc3 Ke4 42. Kxb3 Kxe3 0-1

[Event "4. Moscu Open 2008"]
[Site "Moscu RUS"]
[Date "2008.02.05"]
[Round "4.76"]
[White "Venevtsev, Andrey"]
[Black "Lavrik, Dmitry"]
[Result "1/2-1/2"]
[WhiteElo "2178"]
[BlackElo "2434"]
[PlyCount "74"]
[EventDate "2008.02.02"]
[EventType "swiss"]
[EventRounds "9"]
[EventCountry "RUS"]
[Source "lmi"]
[SourceDate "2008.02.02"]

1. e4 c5 2. Nf3 e6 3. d4 cxd4 4. Nxd4 a6 5. Nc3 b5 6. Bd3 d6 7. O-O Nf6 8. f4
Bb7 9. Qe2 Nbd7 10. Kh1 Qc7 11. Bd2 h5 12. b4 Be7 13. a4 bxa4 14. Rxa4 Qb6 15.
Be3 Ng4 16. Bg1 Qc7 17. Bxa6 Rxa6 18. Rxa6 Qxc3 19. Ra7 Qc8 20. h3 Ngf6 21. e5
Ne4 22. Bh2 dxe5 23. fxe5 Bd8 24. Nb5 O-O 25. Nd6 Nxd6 26. exd6 Bb6 27. Ra3 Bd5
28. Rf4 e5 29. Rh4 Bd8 30. Rxh5 f5 31. Bxe5 Nxe5 32. Qxe5 Bxg2+ 33. Kxg2 Qxc2+
34. Kg3 f4+ 35. Kf3 Qd1+ 36. Qe2 Qh1+ 37. Qg2 Qd1+ 1/2-1/2

[Event "4. Moscu Open 2008"]
[Site "Moscu RUS"]
[Date "2008.02.05"]
[Round "4.77"]
[White "Borisenko, Andrei"]
[Black "Mikheev, Stanislav"]
[Result "1-0"]
[WhiteElo "2420"]
[BlackElo "2312"]
[PlyCount "53"]
[EventDate "2008.02.02"]
[EventType "swiss"]
[EventRounds "9"]
[EventCountry "RUS"]
[Source "lmi"]
[SourceDate "2008.02.02"]

1. e4 e5 2. Bc4 Nf6 3. d3 c6 4. Nf3 d5 5. Bb3 a5 6. a3 a4 7. Ba2 Bd6 8. Nc3 Be6
9. Bg5 d4 10. Ne2 h6 11. Bh4 Nbd7 12. Bg3 c5 13. c3 Qb6 14. O-O O-O 15. h3 Qa6
16. Ne1 Rfd8 17. cxd4 cxd4 18. Bxe6 fxe6 19. f4 exf4 20. Bxf4 Bxf4 21. Nxf4 Ne5
22. Nf3 Qd6 23. Rc1 Neg4 24. Qd2 Ne5 25. Nxe5 Qxe5 26. Qb4 Rac8 27. Ng6 1-0

[Event "4. Moscu Open 2008"]
[Site "Moscu RUS"]
[Date "2008.02.05"]
[Round "4.78"]
[White "Ivanov, Alexey"]
[Black "Kolmakov, Pavel"]
[Result "0-1"]
[WhiteElo "2314"]
[BlackElo "2241"]
[PlyCount "66"]
[EventDate "2008.02.02"]
[EventType "swiss"]
[EventRounds "9"]
[EventCountry "RUS"]
[Source "lmi"]
[SourceDate "2008.02.02"]

1. e4 c5 2. Nf3 e6 3. d4 cxd4 4. Nxd4 a6 5. Nc3 Qc7 6. g3 Bb4 7. Bd2 Nc6 8. Nb3
Nf6 9. Bg2 O-O 10. O-O Ne5 11. Kh1 Be7 12. f4 Nc4 13. e5 Ne8 14. Qh5 d6 15.
Rae1 Bd7 16. Ne4 Nxd2 17. Nbxd2 d5 18. Nc3 Bb4 19. Nf3 Bxc3 20. bxc3 Qxc3 21.
f5 exf5 22. g4 f4 23. Ng5 h6 24. Nxf7 Rxf7 25. e6 Re7 26. exd7 Rxe1 27. Qxd5+
Kh7 28. d8=Q Rxd8 29. Qxd8 Rxf1+ 30. Bxf1 Qf3+ 31. Bg2 Qe2 32. h4 Nf6 33. Bxb7
Qf1+ 0-1

[Event "4. Moscu Open 2008"]
[Site "Moscu RUS"]
[Date "2008.02.05"]
[Round "4.79"]
[White "Aldokhin, Ivan"]
[Black "Eliseev, Alexei"]
[Result "0-1"]
[WhiteElo "2172"]
[BlackElo "2412"]
[PlyCount "80"]
[EventDate "2008.02.02"]
[EventType "swiss"]
[EventRounds "9"]
[EventCountry "RUS"]
[Source "lmi"]
[SourceDate "2008.02.02"]

1. e4 c6 2. d4 d5 3. Nc3 g6 4. Nf3 Bg4 5. e5 Nh6 6. h3 Bxf3 7. Qxf3 Nf5 8. Ne2
Qb6 9. c3 Bh6 10. Nf4 Nd7 11. g4 Bxf4 12. Qxf4 Ng7 13. Bg2 h5 14. O-O Ne6 15.
Qf3 hxg4 16. hxg4 Ndf8 17. Be3 Qc7 18. c4 dxc4 19. Rfc1 Rd8 20. Rxc4 Qd7 21. d5
Qxd5 22. Qxd5 cxd5 23. Ra4 a6 24. Bb6 Rd7 25. Rd1 Nc7 26. Bxc7 Rxc7 27. Bxd5 e6
28. Bg2 Nd7 29. Rb4 b6 30. Ra4 Rh4 31. Rxa6 Rxg4 32. Kf1 Ke7 33. b3 Rb4 34. Re1
Nc5 35. Ra8 Nd3 36. Re3 Rd4 37. Bf3 Nf4 38. Rb8 Rd2 39. Be4 Rc1+ 40. Re1 Rdd1
0-1

[Event "4. Moscu Open 2008"]
[Site "Moscu RUS"]
[Date "2008.02.05"]
[Round "4.80"]
[White "Galiaev, Andrey"]
[Black "Nyzhnyk, Illya"]
[Result "1-0"]
[WhiteElo "2314"]
[BlackElo "2405"]
[PlyCount "87"]
[EventDate "2008.02.02"]
[EventType "swiss"]
[EventRounds "9"]
[EventCountry "RUS"]
[Source "lmi"]
[SourceDate "2008.02.02"]

1. e4 c6 2. d4 d5 3. exd5 cxd5 4. c4 Nf6 5. Nc3 e6 6. Nf3 Bb4 7. a3 Bxc3+ 8.
bxc3 dxc4 9. Bxc4 Nbd7 10. Qd3 b6 11. Bf4 Bb7 12. O-O O-O 13. Rfe1 Re8 14. Ba6
Qc8 15. Bxb7 Qxb7 16. c4 Rac8 17. Rac1 Red8 18. Qb3 h6 19. a4 Nh5 20. Bg3 Nxg3
21. hxg3 Nb8 22. a5 Nc6 23. axb6 axb6 24. Red1 Na5 25. Qb5 Qc7 26. c5 bxc5 27.
dxc5 Rxd1+ 28. Rxd1 Rb8 29. Rd7 Qc8 30. Qd3 Nb7 31. c6 Nc5 32. Qd6 Nxd7 33.
cxd7 Qf8 34. Qc7 Qd8 35. Qc6 g6 36. Ne5 Kg7 37. Qd6 Rb7 38. Qd3 h5 39. Kh2 Rc7
40. f4 h4 41. g4 g5 42. fxg5 Rc5 43. Qf3 f5 44. gxf6+ 1-0

[Event "4. Moscu Open 2008"]
[Site "Moscu RUS"]
[Date "2008.02.05"]
[Round "4.81"]
[White "Rodshtein, Maxim"]
[Black "Leontiev, Aleksandr V"]
[Result "1-0"]
[WhiteElo "2614"]
[BlackElo "2330"]
[PlyCount "43"]
[EventDate "2008.02.02"]
[EventType "swiss"]
[EventRounds "9"]
[EventCountry "RUS"]
[Source "lmi"]
[SourceDate "2008.02.02"]

1. c4 Nf6 2. Nc3 d5 3. cxd5 Nxd5 4. g3 c5 5. Bg2 Nc7 6. Qb3 Nc6 7. Bxc6+ bxc6
8. d3 e5 9. Nf3 f6 10. Qa4 Bd7 11. Be3 Nd5 12. O-O Nxe3 13. fxe3 c4 14. Qxc4
Rb8 15. Nxe5 Qe7 16. Nxd7 Qxe3+ 17. Kg2 Kxd7 18. Rf4 Re8 19. Rd4+ Bd6 20. Qc5
Qe5 21. Qxa7+ Kc8 22. Ne4 1-0

[Event "4. Moscu Open 2008"]
[Site "Moscu RUS"]
[Date "2008.02.05"]
[Round "4.82"]
[White "Zakhartsov, Viacheslav V"]
[Black "Polschikov, Alexey"]
[Result "1-0"]
[WhiteElo "2585"]
[BlackElo "2330"]
[PlyCount "69"]
[EventDate "2008.02.02"]
[EventType "swiss"]
[EventRounds "9"]
[EventCountry "RUS"]
[Source "lmi"]
[SourceDate "2008.02.02"]

1. d4 d5 2. c4 e6 3. Nc3 Nf6 4. cxd5 exd5 5. Bg5 Be7 6. e3 c6 7. Qc2 Nbd7 8.
Bd3 O-O 9. h3 Re8 10. Nf3 Nf8 11. O-O a5 12. Rae1 Ne4 13. Bf4 Nxc3 14. bxc3 Bd6
15. Bxd6 Qxd6 16. c4 dxc4 17. Bxc4 Be6 18. a4 Rec8 19. Ng5 Bd5 20. Bd3 h6 21.
Ne4 Bxe4 22. Bxe4 Rab8 23. Rb1 Nd7 24. Rfc1 Nf6 25. Bf3 Nd5 26. Bxd5 Qxd5 27.
Rb6 Rc7 28. Qd2 Rd8 29. Qb2 Rd6 30. Rc5 Qe4 31. Re5 Qd3 32. Rxb7 Rxb7 33. Qxb7
Rf6 34. Re8+ Kh7 35. Qb8 1-0

[Event "4. Moscu Open 2008"]
[Site "Moscu RUS"]
[Date "2008.02.05"]
[Round "4.83"]
[White "Isaev, Yuri"]
[Black "Minasian, Artashes"]
[Result "1/2-1/2"]
[WhiteElo "2328"]
[BlackElo "2578"]
[PlyCount "132"]
[EventDate "2008.02.02"]
[EventType "swiss"]
[EventRounds "9"]
[EventCountry "RUS"]
[Source "lmi"]
[SourceDate "2008.02.02"]

1. e4 g6 2. d4 Bg7 3. Nc3 d6 4. Nf3 a6 5. a4 Nf6 6. h3 O-O 7. Be2 Nc6 8. Bf4
Nh5 9. Bh2 Bd7 10. g4 Nf6 11. e5 Ne8 12. Qd2 b5 13. axb5 axb5 14. Rd1 Qb8 15.
Bf4 Qb7 16. O-O b4 17. Ne4 Ra5 18. Ng3 Be6 19. Qe3 Qb6 20. exd6 Nxd6 21. Bh6
Bxh6 22. Qxh6 f6 23. Bd3 Nf7 24. Qe3 Bd5 25. Be4 Rd8 26. Bxd5 Raxd5 27. c3 e5
28. Ne4 Kg7 29. Nc5 R8d6 30. c4 Rxd4 31. Nxd4 Nxd4 32. Ne4 Rd8 33. c5 Qa6 34.
Kg2 f5 35. gxf5 gxf5 36. Qg3+ Qg6 37. Qxg6+ Kxg6 38. Ng3 f4 39. Ne4 Kf5 40. f3
Rg8+ 41. Kf2 Ng5 42. Nxg5 Rxg5 43. Rg1 Rh5 44. Rh1 Rh6 45. h4 Rc6 46. Rc1 Nb3
47. Rc4 Rxc5 48. Rxc5 Nxc5 49. Rd1 Ke6 50. Ke2 Nb3 51. Rd8 Nd4+ 52. Kf2 h6 53.
Rb8 b3 54. h5 Kd5 55. Rh8 Nf5 56. Rb8 Kc4 57. Re8 c5 58. Rxe5 Ng3 59. Re6 Nxh5
60. Rxh6 Ng7 61. Rf6 Kd3 62. Rxf4 Ne6 63. Re4 Nd4 64. Re3+ Kc2 65. Rc3+ Kxb2
66. Rxc5 Ka3 1/2-1/2

[Event "4. Moscu Open 2008"]
[Site "Moscu RUS"]
[Date "2008.02.05"]
[Round "4.84"]
[White "Hovhannisyan, Robert"]
[Black "Iskusnyh, Sergei"]
[Result "1/2-1/2"]
[WhiteElo "2319"]
[BlackElo "2478"]
[PlyCount "64"]
[EventDate "2008.02.02"]
[EventType "swiss"]
[EventRounds "9"]
[EventCountry "RUS"]
[Source "lmi"]
[SourceDate "2008.02.02"]

1. e4 c5 2. Nc3 d6 3. Nge2 Nf6 4. d4 cxd4 5. Nxd4 Bd7 6. Bg5 e6 7. Ndb5 Bc6 8.
Bxf6 gxf6 9. Qh5 a6 10. Nd4 Qb6 11. O-O-O Qc5 12. Qxc5 dxc5 13. Nxc6 Nxc6 14.
f4 h5 15. Ne2 h4 16. c3 Rd8 17. Rxd8+ Kxd8 18. Rg1 Kc7 19. g3 c4 20. gxh4 Rxh4
21. h3 Bh6 22. Rg4 Rxg4 23. hxg4 e5 24. g5 fxg5 25. fxg5 Bxg5+ 26. Kc2 b5 27.
Ng3 Kb6 28. Bh3 Nd8 29. Nf5 Nb7 30. b4 cxb3+ 31. axb3 Na5 32. Nd6 f6 1/2-1/2

[Event "4. Moscu Open 2008"]
[Site "Moscu RUS"]
[Date "2008.02.05"]
[Round "4.85"]
[White "Airapetian, Gor"]
[Black "Lushenkov, Mikhail"]
[Result "1/2-1/2"]
[WhiteElo "2318"]
[BlackElo "2458"]
[PlyCount "105"]
[EventDate "2008.02.02"]
[EventType "swiss"]
[EventRounds "9"]
[EventCountry "RUS"]
[Source "lmi"]
[SourceDate "2008.02.02"]

1. e4 e5 2. Nf3 Nc6 3. Bb5 a6 4. Ba4 Nf6 5. O-O b5 6. Bb3 Bb7 7. Re1 Bc5 8. c3
d6 9. d4 Bb6 10. a4 h6 11. Na3 O-O 12. d5 Na5 13. Bc2 c6 14. b4 Nc4 15. Nxc4
bxc4 16. dxc6 Bxc6 17. Qe2 Rc8 18. a5 Ba7 19. Be3 Qc7 20. Qxc4 Bxe3 21. Rxe3
Ng4 22. Rd3 Bb5 23. Qxc7 Rxc7 24. Rxd6 Rxc3 25. Ne1 Rfc8 26. f3 Ne3 27. Bd3 Nc4
28. Rd5 f6 29. Kf2 Kf7 30. Be2 Ke7 31. Rd3 Nd6 32. Rxc3 Rxc3 33. Rd1 Bxe2 34.
Kxe2 Nb5 35. Kd2 Rc4 36. Nc2 Kd7 37. Rc1 Nd6 38. Rb1 Nb5 39. Rb3 Ke6 40. Ne3
Rd4+ 41. Kc2 h5 42. Nf5 Rc4+ 43. Kb2 g6 44. Ne3 Rd4 45. Kc2 f5 46. exf5+ gxf5
47. g3 Rd8 48. Rd3 Nd4+ 49. Kb2 Rb8 50. Ka3 Rd8 51. Kb2 Rb8 52. Ka3 Rd8 53. Kb2
1/2-1/2

[Event "4. Moscu Open 2008"]
[Site "Moscu RUS"]
[Date "2008.02.05"]
[Round "4.86"]
[White "Agaragimov, Djahangir"]
[Black "Nakhapetiane, Pogos"]
[Result "1-0"]
[WhiteElo "2314"]
[BlackElo "2442"]
[PlyCount "57"]
[EventDate "2008.02.02"]
[EventType "swiss"]
[EventRounds "9"]
[EventCountry "RUS"]
[Source "lmi"]
[SourceDate "2008.02.02"]

1. d4 e6 2. Nf3 Nf6 3. c4 d5 4. g3 Be7 5. Bg2 O-O 6. O-O dxc4 7. Qc2 a6 8. Qxc4
b5 9. Qc2 Bb7 10. Bd2 Ra7 11. Rc1 Be4 12. Qd1 Nc6 13. e3 b4 14. Be1 Qa8 15.
Nbd2 Bd5 16. Qe2 Na5 17. Nh4 Rc8 18. e4 Bb7 19. f4 Nd7 20. Bf2 c5 21. f5 Bc6
22. fxe6 fxe6 23. Qg4 Nf8 24. d5 exd5 25. Nf5 Bf6 26. Rxc5 Nc4 27. Nxc4 dxc4
28. e5 Bxg2 29. Nh6+ 1-0

[Event "4. Moscu Open 2008"]
[Site "Moscu RUS"]
[Date "2008.02.05"]
[Round "4.87"]
[White "Moiseev, Gumar"]
[Black "Batchuluun, Cegmed"]
[Result "0-1"]
[WhiteElo "2310"]
[BlackElo "2432"]
[PlyCount "105"]
[EventDate "2008.02.02"]
[EventType "swiss"]
[EventRounds "9"]
[EventCountry "RUS"]
[Source "lmi"]
[SourceDate "2008.02.02"]

1. e4 e6 2. d4 d5 3. Nc3 Nf6 4. Bg5 Bb4 5. Nge2 dxe4 6. a3 Be7 7. Bxf6 Bxf6 8.
Nxe4 O-O 9. g3 Be7 10. Bg2 Nd7 11. O-O e5 12. c4 exd4 13. Qxd4 Nf6 14. Qe3 c6
15. N2c3 Qc7 16. Rac1 Bf5 17. Rfe1 Rfd8 18. b4 h6 19. h3 Nxe4 20. Nxe4 Re8 21.
Rcd1 Bf8 22. Qf3 Bg6 23. Re3 Rad8 24. Rde1 Re6 25. h4 a5 26. c5 axb4 27. axb4
Rde8 28. h5 Bh7 29. Bh3 Re5 30. Qf4 b6 31. Nd6 Rxe3 32. Rxe3 Rxe3 33. fxe3 bxc5
34. bxc5 Bb1 35. Bf1 Ba2 36. Bd3 Bd5 37. e4 Be6 38. e5 Qa5 39. Qe3 Bd5 40. Kf2
Qb4 41. Be2 Be7 42. Bf3 Bg5 43. Qe2 Qxc5+ 44. Kg2 Be6 45. Be4 Be7 46. Qa6 Qxe5
47. Qa8+ Bf8 48. Bh7+ Kxh7 49. Qxf8 Qe2+ 50. Kg1 Qe1+ 51. Kg2 Bd5+ 52. Kh3 Bf3
53. g4 0-1